[Event "Cheliabinsk Lozovatsky Memorial-B"]
[Site "Cheliabinsk"]
[Date "2023.02.02"]
[Round "7"]
[White "Bragina, Anna"]
[Black "Kalashnikova, Elena"]
[Result "1-0"]
[WhiteElo "1704"]
[BlackElo "1635"]
[PlyCount "117"]
[EventDate "2023.01.27"]
[EventType "swiss"]
[EventRounds "10"]
[EventCountry "RUS"]
[SourceTitle "CBM 212 Extra"]
[Source "ChessBase"]
[SourceDate "2023.03.31"]
[SourceVersion "1"]
[SourceVersionDate "2023.03.31"]
[SourceQuality "1"]

1. d4 Nf6 2. c4 e6 3. Nf3 Bb4+ 4. Bd2 Qe7 5. g3 Bxd2+ 6. Qxd2 Nc6 7. Bg2 Ne4 8. Qc2 d5 9. a3 0-0 10. 0-0 Rd8 11. Rd1 Na5 12. cxd5 exd5 13. Nc3 Nxc3 14. Qxc3 Nc4 15. Qc2 c6 16. Re1 Qe4 17. Qc3 Nd6 18. Ne5 Qf5 19. f3 f6 20. Nd3 Nb5 21. Qb4 Qd7 22. Nc5 Qc7 23. a4 a5 24. Qd2 Nd6 25. e4 b6 26. Nb3 Be6 27. Qc3 Rac8 28. Rac1 Qf7 29. Nd2 Rc7 30. Bf1 h5 31. Qe3 Qf8 32. Bd3 Qf7 33. Bb1 Rdc8 34. Qf4 Nb7 35. exd5 Bxd5 36. Qf5 g5 37. Ne4 Bxe4 38. Qxe4 Nd6 39. Qe6 Qxe6 40. Rxe6 Ne8 41. Bg6 Ng7 42. Rxf6 Rd8 43. Rfxc6 Rcd7 44. R1c4 Kf8 45. Rf6+ Ke7 46. Rcc6 Rf8 47. Rxf8 Kxf8 48. Rf6+ Ke7 49. Rf7+ Ke6 50. Rxd7 Kxd7 51. Kf2 Kd6 52. Ke3 h4 53. gxh4 gxh4 54. Ke4 Ne6 55. f4 Nd8 56. f5 Ke7 57. Kd5 Kd7 58. f6 Nc6 59. Bf5+ 1-0

[Event "Cheliabinsk Lozovatsky Memorial-B"]
[Site "Cheliabinsk"]
[Date "2023.01.29"]
[Round "3"]
[White "Kalashnikova, Elena"]
[Black "Vanishvili, Mari"]
[Result "0-1"]
[WhiteElo "1635"]
[BlackElo "1967"]
[PlyCount "97"]
[EventDate "2023.01.27"]
[EventType "swiss"]
[EventRounds "10"]
[EventCountry "RUS"]
[SourceTitle "CBM 212 Extra"]
[Source "ChessBase"]
[SourceDate "2023.03.31"]
[SourceVersion "1"]
[SourceVersionDate "2023.03.31"]
[SourceQuality "1"]

1. d4 d5 2. c4 c6 3. Nf3 Nf6 4. Qc2 e6 5. g3 Bd6 6. Bg2 0-0 7. 0-0 Nbd7 8. Nbd2 Re8 9. e4 dxe4 10. Nxe4 Nxe4 11. Qxe4 e5 12. Rd1 exd4 13. Qxd4 Bc5 14. Qf4 Qb6 15. Ng5 Nf6 16. Ne4 Nxe4 17. Bxe4 Bh3 18. Be3 Bxe3 19. fxe3 f5 20. Bxf5 Rxe3 21. Kh1 Bxf5 22. Qxf5 Rf8 23. Qc2 Ref3 24. Rd2 Qe3 25. Kg2 R3f6 26. Rad1 h5 27. c5 Kh8 28. Re2 Qf3+ 29. Kg1 h4 30. Qe4 hxg3 31. hxg3 Qxe4 32. Rxe4 Rf3 33. g4 Rf2 34. Rb4 R8f3 35. Rd8+ Kh7 36. Rb8 Rf1+ 37. Kg2 R3f2+ 38. Kg3 Rf3+ 39. Kg2 R1f2+ 40. Kg1 Rf1+ 41. Kg2 R1f2+ 42. Kg1 Re2 43. R8xb7 Rd3 44. Rf4 Rd1+ 45. Rf1 Rdd2 46. Rff7 Rg2+ 47. Kf1 Rxg4 48. b4 Kh6 49. a3 0-1

[Event "Satka Autumn op (Women)"]
[Site "Satka"]
[Date "2022.09.04"]
[Round "6"]
[White "Kalashnikova, Elena"]
[Black "Kovanova, Baira"]
[Result "0-1"]
[WhiteElo "1673"]
[BlackElo "2329"]
[PlyCount "78"]
[EventDate "2022.08.30"]
[EventType "swiss"]
[EventRounds "9"]
[EventCountry "RUS"]
[SourceTitle "CBM 210 Extra"]
[Source "ChessBase"]
[SourceDate "2022.11.30"]
[SourceVersion "1"]
[SourceVersionDate "2022.11.30"]
[SourceQuality "1"]

1. d4 Nf6 2. c4 e6 3. g3 c5 4. Nf3 cxd4 5. Nxd4 a6 6. Nc3 Qc7 7. e4 Bb4 8. Qd3 d6 9. Bd2 Nbd7 10. Qe2 0-0 11. Bg2 Nb6 12. b3 d5 13. Rc1 dxc4 14. Nb1 Bxd2+ 15. Nxd2 Qd8 16. e5 Qxd4 17. Nf3 Qd8 18. exf6 Qxf6 19. bxc4 Na4 20. Ne5 Qe7 21. 0-0 f6 22. Nd3 Nc5 23. Nxc5 Qxc5 24. Rb1 Rb8 25. a4 e5 26. Bd5+ Kh8 27. Qe4 b6 28. Rb3 Bd7 29. g4 f5 30. gxf5 Rxf5 31. Qh4 Rf4 32. Qh5 Rbf8 33. Qxe5 Rxf2 34. Re3 Rxf1+ 35. Kg2 R1f6 36. h4 Qd6 37. Qxd6 Rxd6 38. a5 bxa5 39. Bb7 Bc6+ 0-1

[Event "Moscow op (Women) 16th"]
[Site "Moscow"]
[Date "2020.01.31"]
[Round "7"]
[White "Kalashnikova, Elena"]
[Black "Eremina, Viktoria1111"]
[Result "0-1"]
[WhiteElo "1702"]
[BlackElo "1347"]
[PlyCount "70"]
[EventDate "2020.01.25"]
[EventType "swiss"]
[EventRounds "9"]
[EventCountry "RUS"]
[SourceTitle "CBM 194 Extra"]
[Source "ChessBase"]
[SourceDate "2020.03.31"]
[SourceVersion "1"]
[SourceVersionDate "2020.03.31"]
[SourceQuality "1"]

1. e4 c5 2. Nf3 d6 3. Bb5+ Nd7 4. c3 Ngf6 5. Qe2 a6 6. Ba4 b5 7. Bc2 Bb7 8. d4 cxd4 9. cxd4 e5 10. d5 Be7 11. 0-0 0-0 12. Bd2 Rc8 13. Rc1 h6 14. Nc3 Nb6 15. b3 Nh7 16. Nd1 f5 17. Ba5 fxe4 18. Bxe4 Nf6 19. Bf5 Rxc1 20. Be6+ Kh8 21. Rxc1 Bxd5 22. Bxd5 Nfxd5 23. Ne3 Qd7 24. Qd2 Nxe3 25. fxe3 Qb7 26. e4 Na8 27. Qd5 Qxd5 28. exd5 Bd8 29. Rc8 Bb6+ 30. Bxb6 Rxc8 31. Be3 Nc7 32. Nxe5 dxe5 33. d6 Ne6 34. Bb6 Rc6 35. d7 Rxb6 0-1

[Event "Moscow op (Women) 16th"]
[Site "Moscow"]
[Date "2020.01.29"]
[Round "5"]
[White "Kalashnikova, Elena"]
[Black "Ivanova, Anastasia2222"]
[Result "1/2-1/2"]
[WhiteElo "1702"]
[BlackElo "1868"]
[PlyCount "166"]
[EventDate "2020.01.25"]
[EventType "swiss"]
[EventRounds "9"]
[EventCountry "RUS"]
[SourceTitle "CBM 194 Extra"]
[Source "ChessBase"]
[SourceDate "2020.03.31"]
[SourceVersion "1"]
[SourceVersionDate "2020.03.31"]
[SourceQuality "1"]

1. d4 Nf6 2. Bf4 c5 3. d5 b5 4. f3 Nh5 5. Be3 d6 6. Bf2 g6 7. e4 Qa5+ 8. Qd2 b4 9. Na3 Bh6 10. Qxh6 bxa3+ 11. b4 Qxb4+ 12. Qd2 Qb2 13. Qc1 Qxc1+ 14. Rxc1 Na6 15. Bb5+ Kd8 16. Ne2 Rb8 17. Bc4 Nf6 18. 0-0 Nd7 19. Rb1 Rb6 20. f4 Nb4 21. c3 Ba6 22. Bxa6 Nxa6 23. Rb3 Nf6 24. Ng3 Kc7 25. Rxa3 Ng4 26. Rb3 Rhb8 27. Rfb1 Nxf2 28. Kxf2 Rxb3 29. axb3 Rb5 30. Ra1 Kb6 31. Ra3 Ra5 32. Rxa5 Kxa5 33. Ke3 Nc7 34. Kd3 Kb5 35. Nf1 a5 36. Ne3 a4 37. bxa4+ Kxa4 38. Nc4 Kb5 39. g3 Ka6 40. e5 dxe5 41. Nxe5 f6 42. Nd7 Nxd5 43. Nxc5+ Kb6 44. Nd7+ Kc7 45. Nf8 Kd8 46. Ne6+ Kd7 47. Nc5+ Kd6 48. Ne4+ Kc6 49. Kd4 Nc7 50. Kc4 Ne6 51. Nf2 Nc5 52. Kd4 Nb3+ 53. Kd3 Nc5+ 54. Kc4 Na4 55. Kd3 Nb2+ 56. Kc2 Nc4 57. Kd3 Kd5 58. Ng4 Nd6 59. Ne3+ Kc5 60. g4 e5 61. fxe5 fxe5 62. h4 e4+ 63. Ke2 Nb5 64. Kd2 Kd6 65. Nd1 Ke5 66. Ke3 Nd6 67. Nb2 h5 68. gxh5 gxh5 69. Kf2 Nf5 70. Nc4+ Kf4 71. Ke2 Nxh4 72. Nd2 Nf5 73. c4 Nd4+ 74. Ke1 h4 75. Nf1 Nf3+ 76. Kf2 Nd2 77. c5 Nxf1 78. c6 e3+ 79. Kxf1 h3 80. c7 h2 81. Kg2 h1Q+ 82. Kxh1 e2 83. c8Q e1Q+ 1/2-1/2

[Event "St Petersburg Korchnoi Memorial op"]
[Site "St Petersburg"]
[Date "2018.08.16"]
[Round "2"]
[White "Kalashnikova, Elena"]
[Black "Ivanov, Sergei V"]
[Result "0-1"]
[WhiteElo "1779"]
[BlackElo "2075"]
[PlyCount "82"]
[EventDate "2018.08.15"]
[EventType "swiss"]
[EventRounds "9"]
[EventCountry "RUS"]
[SourceTitle "CBM 186 Extra"]
[Source "ChessBase"]
[SourceDate "2018.08.24"]
[SourceVersion "1"]
[SourceVersionDate "2018.08.24"]
[SourceQuality "1"]

1. e4 e5 2. f4 exf4 3. Nf3 g5 4. Bc4 Bg7 5. c3 d6 6. d4 h6 7. h4 Nc6 8. a4 Qf6 9. Na3 a6 10. Nc2 g4 11. Ng1 h5 12. Qe2 Nge7 13. Bd3 0-0 14. Qf2 Ng6 15. Ne2 g3 16. Qf1 Bg4 17. Nxf4 Rfe8 18. Nxg6 Qxg6 19. Ne3 Rxe4 20. Kd2 f5 21. Bxe4 fxe4 22. Qc4+ Kh8 23. Nxg4 Qxg4 24. Kc2 Rf8 25. Be3 d5 26. Qxd5 Qe2+ 27. Kb3 Qxe3 28. Qxh5+ Qh6 29. Qg5 Qd6 30. Rh3 Bh6 31. Qxg3 Qd5+ 32. Kc2 Qf5 33. Qxc7 e3+ 34. Kb3 Qd5+ 35. Ka3 Bf4 36. Qxb7 Rb8 37. Qxb8+ Nxb8 38. Rf3 Nd7 39. b4 Bh6 40. Raf1 Nb6 41. Rf5 Nc4+ 0-1

[Event "RUS-chT (Women)"]
[Site "Sochi"]
[Date "2018.05.10"]
[Round "9.4"]
[White "Kalashnikova, Elena"]
[Black "Kovanova, Baira"]
[Result "0-1"]
[WhiteElo "1785"]
[BlackElo "2358"]
[PlyCount "80"]
[EventDate "2018.05.01"]
[EventType "team-tourn"]
[EventRounds "9"]
[EventCountry "RUS"]
[SourceTitle "CBM 184 Extra"]
[Source "ChessBase"]
[SourceDate "2018.06.28"]
[SourceVersion "1"]
[SourceVersionDate "2018.06.28"]
[SourceQuality "1"]
[WhiteTeam "Samarsk Region (W)"]
[BlackTeam "Ugra (W)"]
[WhiteTeamCountry "RUS"]
[BlackTeamCountry "RUS"]

1. e4 e5 2. Nf3 Nc6 3. Bb5 Nge7 4. 0-0 g6 5. d3 Bg7 6. c3 a6 7. Ba4 0-0 8. Re1 d6 9. h3 h6 10. Bb3 d5 11. Nbd2 Kh7 12. Nf1 f5 13. exd5 Nxd5 14. Ne3 Nf4 15. Bc2 b5 16. Nf1 Nh5 17. Be3 Bb7 18. Bc5 Re8 19. d4 e4 20. N3h2 Qg5 21. Re3 Ne7 22. Bxe7 Rxe7 23. Ng3 Nf4 24. Qf1 Nxh3+ 25. Kh1 Nf4 26. Rae1 Rae8 27. Ne2 Nxe2 28. R1xe2 f4 29. Rh3 Bc8 30. g4 c5 31. dxc5 Qxc5 32. Qe1 Bb7 33. Kg1 Bf6 34. Nf1 Qc8 35. Nh2 Bg5 36. Rd2 Qc5 37. Rd4 Bf6 38. Rd2 e3 39. fxe3 Rxe3 40. Rxe3 Rxe3 0-1

[Event "RUS-chT (Women)"]
[Site "Sochi"]
[Date "2018.05.09"]
[Round "8.5"]
[White "Kalashnikova, Elena"]
[Black "Bulatova, Kamaliya"]
[Result "1-0"]
[WhiteElo "1785"]
[BlackElo "2121"]
[PlyCount "71"]
[EventDate "2018.05.01"]
[EventType "team-tourn"]
[EventRounds "9"]
[EventCountry "RUS"]
[SourceTitle "CBM 184 Extra"]
[Source "ChessBase"]
[SourceDate "2018.06.28"]
[SourceVersion "1"]
[SourceVersionDate "2018.06.28"]
[SourceQuality "1"]
[WhiteTeam "Samarsk Region (W)"]
[BlackTeam "Tatarstan Ladya (W)"]
[WhiteTeamCountry "RUS"]
[BlackTeamCountry "RUS"]

1. e4 c5 2. Nf3 d6 3. d4 cxd4 4. Nxd4 Nf6 5. Nc3 a6 6. Be3 e5 7. Nf3 Qc7 8. Qd2 b5 9. 0-0-0 Bb7 10. Nd5 Nxd5 11. exd5 Nd7 12. Qd3 Rc8 13. Qb3 Nf6 14. Ne1 Be7 15. Be2 0-0 16. g4 Qa5 17. g5 Ne4 18. h4 Nc5 19. Bxc5 Rxc5 20. Kb1 Rfc8 21. a3 Qb6 22. Rg1 a5 23. h5 a4 24. Qf3 b4 25. axb4 a3 26. g6 Bf6 27. gxh7+ Kh8 28. h6 e4 29. hxg7+ Bxg7 30. Qg3 a2+ 31. Kxa2 Ra5+ 32. Kb1 Ra1+ 33. Kxa1 Bxb2+ 34. Kxb2 Qxb4+ 35. Kc1 Qc3 36. Qg8+ 1-0

[Event "RUS-chT (Women)"]
[Site "Sochi"]
[Date "2018.05.02"]
[Round "2.5"]
[White "Azimova, Karina"]
[Black "Kalashnikova, Elena"]
[Result "1-0"]
[WhiteElo "2059"]
[BlackElo "1785"]
[PlyCount "73"]
[EventDate "2018.05.01"]
[EventType "team-tourn"]
[EventRounds "9"]
[EventCountry "RUS"]
[SourceTitle "CBM 184 Extra"]
[Source "ChessBase"]
[SourceDate "2018.06.28"]
[SourceVersion "1"]
[SourceVersionDate "2018.06.28"]
[SourceQuality "1"]
[WhiteTeam "Togliatti Bukavushki (W)"]
[BlackTeam "Samarsk Region (W)"]
[WhiteTeamCountry "RUS"]
[BlackTeamCountry "RUS"]

1. e4 d5 2. exd5 Qxd5 3. Nc3 Qd6 4. d4 Nf6 5. h3 Bf5 6. Nf3 e6 7. Bd3 Bg6 8. Ne2 c6 9. c3 Qc7 10. Ne5 Nbd7 11. Nc4 Nd5 12. Bg5 Be7 13. Bxe7 Nxe7 14. Ng3 Nb6 15. Ne5 Nd7 16. Nxd7 Qxd7 17. 0-0 0-0 18. Bxg6 hxg6 19. Ne4 Qd5 20. Nc5 Nf5 21. Qb3 Qxb3 22. axb3 b6 23. Nd7 Rfd8 24. Ne5 Ne7 25. Ra6 c5 26. dxc5 bxc5 27. Rfa1 Nc8 28. Nc4 Rd7 29. Rc6 Rd5 30. Ra5 Ne7 31. Rc7 Kf8 32. Nb6 Rd1+ 33. Kh2 Rad8 34. Raxa7 Nd5 35. Rxf7+ Ke8 36. Nxd5 exd5 37. Rae7# 1-0

[Event "St Petersburg Summer op"]
[Site "St Petersburg"]
[Date "2017.08.19"]
[Round "4"]
[White "Yurasova, Daria"]
[Black "Kalashnikova, Elena"]
[Result "1/2-1/2"]
[WhiteElo "1996"]
[BlackElo "1737"]
[PlyCount "162"]
[EventDate "2017.08.16"]
[EventType "swiss"]
[EventRounds "9"]
[EventCountry "RUS"]
[SourceTitle "CBM 180 Extra"]
[Source "ChessBase"]
[SourceDate "2017.10.06"]
[SourceVersion "1"]
[SourceVersionDate "2017.10.06"]
[SourceQuality "1"]

1. d4 Nf6 2. Bg5 Ne4 3. Bf4 d5 4. e3 e6 5. Bd3 Nd6 6. Nf3 Nd7 7. Nbd2 c5 8. 0-0 c4 9. Be2 Be7 10. c3 h6 11. b3 b5 12. a4 bxa4 13. bxc4 dxc4 14. Qxa4 Bb7 15. Ne5 a6 16. Qxd7+ Qxd7 17. Nxd7 Kxd7 18. Bxd6 Bxd6 19. Nxc4 Bc7 20. Rfb1 Rhb8 21. Nb6+ Bxb6 22. Rxb6 Kc7 23. Rbb1 Bc8 24. f3 a5 25. Rxb8 Kxb8 26. Bb5 Kc7 27. c4 Bd7 28. Bxd7 Kxd7 29. Ra4 Kc6 30. Kf2 Kb6 31. Ke2 Rb8 32. Kd3 Ka6 33. Kc2 f5 34. Ra1 Rb4 35. Kc3 h5 36. Ra2 Rb1 37. c5 Re1 38. Kd2 Rg1 39. Kd3 Rb1 40. Rc2 Rb3+ 41. Rc3 Rb7 42. Kc2 a4 43. c6 Rc7 44. Kb2 Kb6 45. Rc4 Rxc6 46. Rxa4 Kb7 47. Rb4+ Kc7 48. Rb3 Rd6 49. Rb5 g6 50. Kc3 Ra6 51. Rc5+ Kd7 52. Kd3 Ra2 53. Rc2 Ra3+ 54. Ke2 Ra8 55. Kf2 Kd6 56. f4 h4 57. Rb2 Kc6 58. Kf3 Rh8 59. Rb3 Ra8 60. Rb2 Rd8 61. g4 hxg3 62. Kxg3 Rh8 63. Ra2 Kd5 64. Ra5+ Kd6 65. d5 Rh6 66. dxe6 Kxe6 67. h4 Kf6 68. Re5 Rh8 69. e4 fxe4 70. Rxe4 Rc8 71. Kg4 Rc1 72. Ra4 Rg1+ 73. Kh3 Kf5 74. Rb4 Rh1+ 75. Kg3 Rg1+ 76. Kf3 Rf1+ 77. Ke3 Re1+ 78. Kf2 Rh1 79. Kg2 Rxh4 80. Kg3 Rg4+ 81. Kf3 Rh4 1/2-1/2

[Event "St Petersburg Summer op"]
[Site "St Petersburg"]
[Date "2017.08.18"]
[Round "3"]
[White "Kalashnikova, Elena"]
[Black "Lintsova, Liliya"]
[Result "1-0"]
[WhiteElo "1737"]
[BlackElo "1517"]
[PlyCount "59"]
[EventDate "2017.08.16"]
[EventType "swiss"]
[EventRounds "9"]
[EventCountry "RUS"]
[SourceTitle "CBM 180 Extra"]
[Source "ChessBase"]
[SourceDate "2017.10.06"]
[SourceVersion "1"]
[SourceVersionDate "2017.10.06"]
[SourceQuality "1"]

1. e4 c5 2. Nf3 g6 3. c3 Bg7 4. h3 d5 5. e5 Nc6 6. Bb5 Bd7 7. Bxc6 bxc6 8. d4 cxd4 9. Qxd4 Qc7 10. Bf4 e6 11. Na3 c5 12. Qd2 Bf8 13. 0-0 Rb8 14. Rfb1 a5 15. Nc2 Qb6 16. Ne3 h5 17. g4 Bc6 18. g5 Ba8 19. Nh4 Ne7 20. Kh2 Nc6 21. Qc2 Rg8 22. b3 Rd8 23. Rd1 Qb7 24. Rd2 d4 25. Nc4 Be7 26. Rad1 dxc3 27. Rxd8+ Bxd8 28. Nd6+ Ke7 29. Nxb7 Bxb7 30. Qxc3 1-0

[Event "RUS-chT (Women)"]
[Site "Sochi"]
[Date "2017.05.08"]
[Round "7.1"]
[White "Kovanova, Baira"]
[Black "Kalashnikova, Elena"]
[Result "1-0"]
[WhiteElo "2363"]
[BlackElo "1720"]
[PlyCount "73"]
[EventDate "2017.05.01"]
[EventType "team-tourn"]
[EventRounds "9"]
[EventCountry "RUS"]
[SourceTitle "CBM 178 Extra"]
[Source "ChessBase"]
[SourceDate "2017.06.22"]
[SourceVersion "1"]
[SourceVersionDate "2017.06.22"]
[SourceQuality "1"]
[WhiteTeam "Khanty Mansyisk Yugra (W)"]
[BlackTeam "Samara Zhiguli (W)"]
[WhiteTeamCountry "RUS"]
[BlackTeamCountry "RUS"]

1. d4 d5 2. c4 e6 3. Nc3 c6 4. Nf3 Nf6 5. e3 Nbd7 6. Qc2 b6 7. Bd3 Bb7 8. 0-0 Bd6 9. e4 dxe4 10. Nxe4 Nxe4 11. Bxe4 Qc7 12. Be3 Nf6 13. c5 Be7 14. Bd3 0-0 15. Bg5 h6 16. Bh4 Rfd8 17. Bg3 Qc8 18. Rfd1 Nd5 19. a3 Ba6 20. Bh7+ Kh8 21. Be4 Kg8 22. Ne5 Bf6 23. Rac1 b5 24. Qb3 Bb7 25. Qf3 Rf8 26. h4 Qd8 27. Bb1 Be7 28. Re1 Nf6 29. Qd3 Qe8 30. h5 g6 31. hxg6 fxg6 32. Nxg6 Rf7 33. Rxe6 Bc8 34. Nxe7+ Rxe7 35. Rxf6 Rg7 36. Ba2+ Kh8 37. Rxh6+ 1-0

[Event "RUS-chT (Women)"]
[Site "Sochi"]
[Date "2017.05.05"]
[Round "5.2"]
[White "Beshukova, Alina"]
[Black "Kalashnikova, Elena"]
[Result "1-0"]
[WhiteElo "1997"]
[BlackElo "1720"]
[PlyCount "113"]
[EventDate "2017.05.01"]
[EventType "team-tourn"]
[EventRounds "9"]
[EventCountry "RUS"]
[SourceTitle "CBM 178 Extra"]
[Source "ChessBase"]
[SourceDate "2017.06.22"]
[SourceVersion "1"]
[SourceVersionDate "2017.06.22"]
[SourceQuality "1"]
[WhiteTeam "Krasnodar Belorechensk Uni (W)"]
[BlackTeam "Samara Zhiguli (W)"]
[WhiteTeamCountry "RUS"]
[BlackTeamCountry "RUS"]

1. d4 d5 2. Nf3 Nf6 3. e3 Bf5 4. Bd3 Bxd3 5. Qxd3 c6 6. 0-0 Nbd7 7. b3 g6 8. Bb2 Bg7 9. Nbd2 0-0 10. c4 e6 11. Rfd1 Re8 12. e4 dxe4 13. Nxe4 Nxe4 14. Qxe4 Qc7 15. Ne5 Rad8 16. Qf4 Nxe5 17. dxe5 Rd7 18. Rxd7 Qxd7 19. Ba3 Rd8 20. h3 Qd2 21. Qxd2 Rxd2 22. f4 g5 23. g3 gxf4 24. gxf4 Bh6 25. Bb4 Rd3 26. Kf2 Bxf4 27. Rg1+ Kh8 28. Bd6 Rxh3 29. Rg4 Be3+ 30. Kg2 Rh6 31. Kf3 Bc1 32. Be7 Rg6 33. Bf6+ Kg8 34. Rd4 Rxf6+ 35. exf6 h6 36. Rd7 b5 37. Rxa7 Bb2 38. Rc7 b4 39. Rxc6 Bxf6 40. Rc8+ Kg7 41. c5 h5 42. c6 Be5 43. Ra8 h4 44. Kg4 Bg3 45. Ra7 Kg6 46. c7 f5+ 47. Kh3 Bxc7 48. Rxc7 f4 49. Kxh4 Kf5 50. Rc4 e5 51. Rxb4 f3 52. Kg3 e4 53. Rb5+ Ke6 54. Kf2 Kd6 55. Ke3 Ke6 56. Kxe4 f2 57. Rf5 1-0